| 000 | 00362nam a2200133Ia 4500 | ||
|---|---|---|---|
| 008 | 220217s9999||||xx |||||||||||||| ||und|| | ||
| 020 | _a0-07-047439-7 | ||
| 082 | _a005.13 GOT | ||
| 100 | _aGottfried, Byron, S | ||
| 245 | 0 | _aVisual basic: Schaum's out lines | |
| 260 |
_aTata mcgraw hill _bDelhi _c2004 |
||
| 300 | _b215 | ||
| 650 | _aPROGRAMMING LANGUAGE | ||
| 999 |
_c173460 _d173460 |
||